KOHA-Header-6

Economics of Money and Banking (Record no. 12331)

000 -LEADER
fixed length control field 00280nam a22001217a 4500
020 ## - INTERNATIONAL STANDARD BOOK NUMBER
ISBN 978-9351118053
082 ## - DEWEY DECIMAL CLASSIFICATION NUMBER
Classification number 332.1
100 ## - MAIN ENTRY--AUTHOR NAME
Personal name Anand Prakash
245 ## - TITLE STATEMENT
Title Economics of Money and Banking
260 ## - PUBLICATION, DISTRIBUTION, ETC. (IMPRINT)
Place of publication India
Name of publisher Random Publication
Year of publication 2017
300 ## - PHYSICAL DESCRIPTION
Number of Pages 292 pages.
942 ## - ADDED ENTRY ELEMENTS (KOHA)
Koha item type Books
Holdings
Withdrawn status Lost status Collection code Permanent Location Current Location Shelving location Date acquired Cost, normal purchase price Full call number Accession Number Koha item type
    Economics MAJU MAJU Shelf No.A39 REF 2020-03-05 3379.00 332.1 9609 Economics

Powered by Koha